El Médico general: una respuesta al futuro. Seminario

Wedi'i Gadw mewn:
Manylion Llyfryddiaeth
Awdur Corfforaethol: Asociación Colombiana de Facultades de Medicina
Fformat: Anhysbys
Cyhoeddwyd: Bogotá: Editorial Andes
Tagiau: Ychwanegu Tag
Dim Tagiau, Byddwch y cyntaf i dagio'r cofnod hwn!

MARC

LEADER 00000 a2200000 04500
001 19076
003
008 991231s d
040
090 |a 018208  
110 |a Asociación Colombiana de Facultades de Medicina  
245 |a El Médico general: una respuesta al futuro. Seminario  
260 |a Bogotá:   |b Editorial Andes  
300 |a 348 p.  
999 |c 10425  |d 10425